All Nations that Have Ever Participated in the Olympics - Statistics

General Stats
  • This quiz has been taken 1,944 times
    1,423 since last reset
  • The average score is 177 of 227
Answer Stats
Answer % Correct
United States
97%
Russian Empire
96%
Russian Olympic Committee
96%
Soviet Union
96%
Russia
95%
Unified Team
95%
Great Britain
94%
United Team of Germany
93%
West Germany
93%
Canada
92%
Germany
92%
Austria
90%
Ireland
90%
Spain
90%
Argentina
89%
Australia
89%
China
89%
Finland
89%
France
89%
Mexico
89%
Norway
89%
Sweden
89%
Afghanistan
88%
Andorra
88%
Brazil
88%
Denmark
88%
Greece
88%
India
88%
Japan
88%
North Korea
88%
Portugal
88%
South Korea
88%
Albania
87%
Algeria
87%
Belgium
87%
Chile
87%
Colombia
87%
Netherlands
87%
Iran
87%
Iraq
87%
Italy
87%
Dominican Republic
86%
Egypt
86%
Estonia
86%
Iceland
86%
Israel
86%
Latvia
86%
Lithuania
86%
Luxembourg
86%
Slovakia
86%
Armenia
85%
Azerbaijan
85%
Czech Republic
85%
Democratic Republic of the Congo
85%
Honduras
85%
Hungary
85%
Jamaica
85%
Kazakhstan
85%
Liechtenstein
85%
Oman
85%
Panama
85%
Paraguay
85%
Peru
85%
Poland
85%
Romania
85%
San Marino
85%
Serbia
85%
South Africa
85%
Sudan
85%
Switzerland
85%
Turkey
85%
Uruguay
85%
Venezuela
85%
Yemen
85%
Angola
84%
Bahamas
84%
Guyana
84%
Haiti
84%
Indonesia
84%
Morocco
84%
New Zealand
84%
Pakistan
84%
Saudi Arabia
84%
Slovenia
84%
South Sudan
84%
Ukraine
84%
Vietnam
84%
Zimbabwe
84%
Belarus
83%
Belize
83%
Bolivia
83%
Bulgaria
83%
Chinese Taipei
83%
Costa Rica
83%
Croatia
83%
Cuba
83%
Dominica
83%
Ecuador
83%
El Salvador
83%
Guatemala
83%
Kenya
83%
Laos
83%
Libya
83%
Niger
83%
North Macedonia
83%
Qatar
83%
Republic of the Congo
83%
Suriname
83%
Syria
83%
Thailand
83%
Turkmenistan
83%
Zambia
83%
Barbados
82%
Cambodia
82%
Ethiopia
82%
Fiji
82%
Guinea
82%
Kyrgyzstan
82%
Monaco
82%
Montenegro
82%
Nicaragua
82%
Nigeria
82%
Republic of China
82%
Saint Kitts and Nevis
82%
Samoa
82%
Tunisia
82%
Uzbekistan
82%
Bahrain
81%
Bhutan
81%
Bosnia and Herzegovina
81%
Chad
81%
Cyprus
81%
Georgia
81%
Jordan
81%
Malaysia
81%
Malta
81%
Nepal
81%
Saint Lucia
81%
Somalia
81%
Tajikistan
81%
United Arab Emirates
81%
Vanuatu
81%
Antigua and Barbuda
80%
Eritrea
80%
Eswatini
80%
Guinea-Bissau
80%
Kosovo
80%
Lesotho
80%
Mali
80%
Mongolia
80%
Myanmar
80%
Namibia
80%
Rwanda
80%
Saint Vincent and the Grenadines
80%
Singapore
80%
Togo
80%
Tonga
80%
Benin
79%
Cameroon
79%
Djibouti
79%
Ghana
79%
Kuwait
79%
Lebanon
79%
Marshall Islands
79%
Mauritania
79%
Moldova
79%
Palau
79%
Papua New Guinea
79%
Senegal
79%
Tanzania
79%
The Gambia
79%
Trinidad and Tobago
79%
Yugoslavia
79%
Botswana
78%
East Timor
78%
Federated States of Micronesia
78%
Mozambique
78%
Nauru
78%
Tuvalu
78%
Uganda
78%
Brunei
77%
Burundi
77%
Central African Republic
77%
Comoros
77%
Equatorial Guinea
77%
Grenada
77%
Ivory Coast
77%
Liberia
77%
Madagascar
77%
Mauritius
77%
Philippines
77%
Solomon Islands
77%
Bangladesh
76%
Cape Verde
76%
Gabon
76%
Kiribati
76%
Maldives
76%
Seychelles
76%
Sri Lanka
76%
São Tomé and Principe
75%
Burkina Faso
74%
Malawi
74%
Sierra Leone
73%
Palestine
68%
Czechoslovakia
67%
East Germany
65%
Puerto Rico
55%
Bermuda
50%
Guam
48%
Hong Kong
48%
Aruba
47%
Korea
43%
American Samoa
42%
Virgin Islands
37%
Cayman Islands
31%
British Virgin Islands
30%
Cook Islands
29%
Serbia and Montenegro
27%
South Yemen
23%
North Yemen
21%
Netherlands Antilles
18%
Bohemia
17%
Saar
17%
Malaya
14%
Australasia
9%
British West Indies
6%
North Borneo
5%
No matching quizzes found
Score Distribution
Percent of People with Each Score
Percentile by Number Answered
Your Score History
You have not taken this quiz since the last reset